[Event "Challenge"]
[Site "http://www.queenalice.com/game.php?id=888192"]
[Date "2011.1.19"]
[Round "-"]
[White "Odyssos"]
[Black "mz11"]
[Result "1-0"]
[WhiteElo "1500"]
[BlackElo "1681"]

1. e4 e5 2. Nf3 Nc6 3. Bc4 Nf6 4. d3 Be7 5. O-O O-O 6. Re1 Re8 7. c3 d5 8. exd5
Na5 9. Bb5 Bd7 10. Bxd7 Nxd7 11. b4 Nc6 12. dxc6 bxc6 13. Nxe5 Nxe5 14. Rxe5 Qd6
15. Re1 a5 16. bxa5 Rxa5 17. Be3 h6 18. d4 Qd5 19. a4 Bd6 20. Nd2 Qe6 21. Nf1
Rf5 22. Bd2 Qd7 23. Rxe8+ Qxe8 24. a5 c5 25. a6 Qa8 26. Qb1 Rh5 27. Qb7 1-0

[Event "Challenge"]
[Site "http://www.queenalice.com/game.php?id=899440"]
[Date "2011.2.12"]
[Round "-"]
[White "Odyssos"]
[Black "Piotr70"]
[Result "1-0"]
[WhiteElo "1791"]
[BlackElo "1100"]

1. c4 e5 2. g3 Nc6 3. Bg2 Bc5 4. Nc3 Nf6 5. a3 O-O 6. b4 Bd4 7. Bb2 d6 8. Nf3
Be6 9. Nxd4 exd4 10. Nd5 a6 11. O-O Ne5 12. Bxd4 Nxc4 13. Nxf6+ gxf6 14. d3 Ne5
15. Bxb7 Rb8 16. Bg2 c5 17. bxc5 Bb3 18. Qd2 dxc5 19. Bxc5 Re8 20. Rfc1 Rb5 21.
a4 Rb7 22. Bxb7 a5 23. Bg2 Nc6 24. Bxc6 Re5 25. d4 1-0

[Event "Let's Play Chess!"]
[Site "http://www.queenalice.com/game.php?id=911709"]
[Date "2011.3.12"]
[Round "-"]
[White "leo2dipikke"]
[Black "Odyssos"]
[Result "0-1"]
[WhiteElo "1879"]
[BlackElo "2088"]

1. e4 g6 2. d4 Bg7 3. Nf3 d6 4. Nc3 Nf6 5. Bc4 O-O 6. O-O Nxe4 7. Nxe4 d5 8. Bb3
dxe4 9. Ne5 Nd7 10. Bf4 a5 11. a4 Nf6 12. Nxf7 Rxf7 13. Bxf7+ Kxf7 14. c3 c6 15.
Qb3+ Qd5 16. Qxd5+ cxd5 17. Rae1 Bd7 18. Be3 Bxa4 19. f3 Bb5 20. Rf2 Ke8 21. h3
a4 22. Ra1 exf3 23. gxf3 Ra6 24. Kg2 Kd7 25. Re1 Re6 26. Bd2 Rxe1 27. Bxe1 Nh5
28. f4 Bd3 29. Kf3 b5 30. h4 Ke6 31. Rg2 Be4+ 32. Kf2 Bxg2 33. Kxg2 Nxf4+ 34.
Kf3 Kf5 35. Bd2 Nd3 0-1

[Event "Let's Play Chess!"]
[Site "http://www.queenalice.com/game.php?id=916908"]
[Date "2011.3.25"]
[Round "-"]
[White "Gil"]
[Black "Odyssos"]
[Result "0-1"]
[WhiteElo "2243"]
[BlackElo "1985"]

1. d4 Nf6 2. Nf3 e6 3. e3 b6 4. c4 Bb7 5. Nc3 Bb4 6. Bd2 O-O 7. Bd3 d5 8. cxd5
exd5 9. O-O Bd6 10. Nb5 Be7 11. Rc1 c5 12. dxc5 bxc5 13. b3 a6 14. Nc3 Nbd7 15.
Qc2 Rc8 16. e4 c4 17. bxc4 dxc4 18. Be2 Nc5 19. e5 Nd5 20. Bxc4 Nb4 21. Qd1 Bxf3
22. gxf3 Ncd3 23. Bxd3 Nxd3 24. Rc2 Nxe5 25. Qe2 Qd3 26. Qxd3 Nxd3 27. Rb1 Ba3
28. Be1 Nxe1 29. Rxe1 Rc6 30. Re3 Rfc8 31. Kg2 Bb4 0-1

[Event "Let's Play Chess!"]
[Site "http://www.queenalice.com/game.php?id=916910"]
[Date "2011.3.24"]
[Round "-"]
[White "Odyssos"]
[Black "Bubba"]
[Result "1-0"]
[WhiteElo "1791"]
[BlackElo "1984"]

1. d4 d5 2. c4 Nf6 3. cxd5 Qxd5 4. Nc3 Qd8 5. Nf3 Bg4 6. Ne5 Be6 7. e4 c6 8. h3
g6 9. d5 cxd5 10. exd5 Nxd5 11. Bb5+ Nd7 12. Bxd7+ Bxd7 13. Qxd5 Bg7 14. Qxf7#
1-0

[Event "Challenge"]
[Site "http://www.queenalice.com/game.php?id=917084"]
[Date "2011.3.25"]
[Round "-"]
[White "Vonrunstedt"]
[Black "Odyssos"]
[Result "1/2-1/2"]
[WhiteElo "1705"]
[BlackElo "2001"]

1. e4 c6 2. d4 d5 3. exd5 cxd5 4. c4 Nf6 5. Nf3 e6 6. Nc3 Bb4 7. c5 O-O 8. Bg5
b6 9. cxb6 axb6 10. Bd3 Ba6 11. Bxa6 Bxc3+ 12. bxc3 Rxa6 13. Ne5 Qc7 14. Bxf6
gxf6 15. Qg4+ Kh8 16. Qf3 fxe5 17. Qf6+ Kg8 18. Qg5+ Kh8 19. Qf6+ 1/2-1/2

[Event "Challenge"]
[Site "http://www.queenalice.com/game.php?id=920632"]
[Date "2011.4.1"]
[Round "-"]
[White "pcescritor"]
[Black "Odyssos"]
[Result "0-1"]
[WhiteElo "1780"]
[BlackElo "1952"]

1. e4 Nc6 2. b3 Nf6 3. Bd3 e5 4. Bb2 Bc5 5. Nf3 d6 6. Bc4 Nxe4 7. Qe2 Ng5 8. Nc3
O-O 9. Ne4 Nxf3+ 10. Qxf3 Nd4 11. Qd3 Bb6 12. O-O-O d5 13. Bb5 dxe4 14. Qc4 Be6
15. Qa4 a6 16. Bc4 Qe8 17. Bf1 Qxa4 18. bxa4 Bxa2 19. g3 Nc6 20. f4 exf3 21. h4
e4 22. Bh3 e3 23. d3 e2 24. Rde1 Be3# 0-1

[Event "Challenge"]
[Site "http://www.queenalice.com/game.php?id=920787"]
[Date "2011.4.2"]
[Round "-"]
[White "Odyssos"]
[Black "Erenir"]
[Result "1-0"]
[WhiteElo "2216"]
[BlackElo "2171"]

1. Nf3 Nf6 2. c4 c5 3. Nc3 d5 4. cxd5 Nxd5 5. e4 Nb4 6. Bc4 Nd3+ 7. Ke2 Nf4+ 8.
Kf1 Ne6 9. d3 Nc6 10. Be3 Ned4 11. Nb5 a6 12. Nbxd4 cxd4 13. Bg5 h6 14. Bf4 e6
15. Ne5 Qf6 16. Nxc6 Qxf4 17. Nxd4 Qf6 18. Nf3 b5 19. e5 Qf4 20. Bb3 Bb7 21. d4
Rc8 22. Qd3 Be7 23. Qe3 Qf5 24. Ke2 Bg5 25. Nxg5 hxg5 26. f3 1-0

[Event "Challenge"]
[Site "http://www.queenalice.com/game.php?id=922577"]
[Date "2011.4.6"]
[Round "-"]
[White "Nyvang"]
[Black "Odyssos"]
[Result "0-1"]
[WhiteElo "1851"]
[BlackElo "1939"]

1. d4 e6 2. Bf4 Nf6 3. a3 a6 4. Nc3 d5 5. Qd3 c5 6. dxc5 Bxc5 7. Na4 Qa5+ 8. b4
Bxf2+ 9. Kxf2 Qxa4 10. e3 e5 11. Be2 exf4 12. exf4 O-O 13. Nf3 Qd7 14. Nd4 Ne4+
15. Ke1 Re8 16. c4 Qc7 17. cxd5 Qxf4 18. Nf3 Bf5 19. Qc4 Nd7 20. g3 Qe3 21. Rf1
Bh3 22. Rg1 Nc3 23. Ra2 Rac8 0-1

[Event "Challenge"]
[Site "http://www.queenalice.com/game.php?id=925722"]
[Date "2011.4.14"]
[Round "-"]
[White "Nyvang"]
[Black "Odyssos"]
[Result "0-1"]
[WhiteElo "1856"]
[BlackElo "2067"]

1. d4 d6 2. e4 g6 3. h3 Bg7 4. Nf3 Nd7 5. a3 c5 6. Bc4 cxd4 7. Nxd4 Ngf6 8. Nc3
O-O 9. O-O a6 10. b4 Qc7 11. Nd5 Qxc4 12. Nxe7+ Kh8 13. Re1 Re8 14. Nxc8 Raxc8
15. Ra2 Qxa2 0-1

[Event "Challenge"]
[Site "http://www.queenalice.com/game.php?id=926404"]
[Date "2011.4.15"]
[Round "-"]
[White "Odyssos"]
[Black "Vonrunstedt"]
[Result "1-0"]
[WhiteElo "2141"]
[BlackElo "1758"]

1. Nf3 d5 2. c4 dxc4 3. Nc3 e6 4. e3 Nf6 5. Ne5 Be7 6. Be2 O-O 7. Nxc4 c5 8. Bf3
Nc6 9. Bxc6 bxc6 10. Qc2 Bd7 11. e4 Qc7 12. d3 Ng4 13. f4 Bh4+ 14. g3 Be7 15. h3
Nf6 16. Be3 Nh5 17. Rg1 f5 18. O-O-O fxe4 19. dxe4 Nf6 20. Na4 Rab8 21. Nxc5
Bxc5 22. Bxc5 Rfd8 23. Bd6 Qb7 24. Bxb8 Rxb8 25. Rd3 Nxe4 26. Rb3 Qc7 27. Rxb8+
Qxb8 28. Qxe4 1-0

[Event "Challenge"]
[Site "http://www.queenalice.com/game.php?id=931948"]
[Date "2011.4.29"]
[Round "-"]
[White "Odyssos"]
[Black "eddval"]
[Result "1-0"]
[WhiteElo "2196"]
[BlackElo "2092"]

1. Nf3 d5 2. c4 c6 3. d4 Nf6 4. Qb3 e6 5. Bg5 Be7 6. e3 Ne4 7. Bxe7 Qxe7 8. g3
Nd7 9. Bg2 O-O 10. O-O b6 11. Rc1 Bb7 12. cxd5 exd5 13. Nc3 f5 14. Rc2 Kh8 15.
Ne2 Rae8 16. Nf4 g5 17. Nd3 c5 18. dxc5 Ndxc5 19. Qa3 Nxd3 20. Qxd3 Rc8 21. Rac1
Rxc2 22. Rxc2 h6 23. Bf1 Kh7 24. Qd4 Qg7 25. b4 Qxd4 26. Nxd4 Kg6 27. Rc7 Nd6
28. Rd7 Rf6 29. Bd3 a6 30. Nxf5 1-0

[Event "Challenge"]
[Site "http://www.queenalice.com/game.php?id=932502"]
[Date "2011.5.1"]
[Round "-"]
[White "JCOELHO"]
[Black "Odyssos"]
[Result "0-1"]
[WhiteElo "2082"]
[BlackElo "2174"]

1. e4 c5 2. d4 cxd4 3. Qxd4 Nc6 4. Qa4 d6 5. Nc3 Bd7 6. Bg5 h6 7. Bh4 g5 8. Bg3
Bg7 9. Nf3 Nf6 10. O-O-O a6 11. h4 b5 12. Qb3 g4 13. Nd4 Nxd4 14. Qb4 Nc6 15.
Qb3 Nh5 16. f4 Nxg3 17. Rh2 Nxf1 18. Rxf1 h5 19. g3 Nd4 20. Qa3 a5 21. Nd5 b4
22. Qe3 e6 23. e5 Nf5 24. Qb6 exd5 25. Qxd8+ Rxd8 26. Rg2 O-O 27. exd6 Ne3 28.
Rgf2 Nxf1 29. Rxf1 Bf5 30. Rd1 Rxd6 31. a3 bxa3 32. bxa3 Rc8 33. a4 Rxc2+ 34.
Kb1 Rb6# 0-1

[Event "Challenge"]
[Site "http://www.queenalice.com/game.php?id=932503"]
[Date "2011.5.1"]
[Round "-"]
[White "Odyssos"]
[Black "JCOELHO"]
[Result "1-0"]
[WhiteElo "2107"]
[BlackElo "2082"]

1. d4 d5 2. c4 Nf6 3. cxd5 Qxd5 4. Nc3 Qa5 5. Bd2 Qb6 6. Nf3 Nc6 7. e3 Bg4 8.
Na4 Qxd4 9. exd4 Nxd4 10. Be2 Bf5 11. Nxd4 Bg6 12. Qb3 b6 13. Bb5+ Nd7 14. Bxd7+
Kxd7 15. Qd5+ Ke8 16. Qxa8+ Kd7 17. Qc6+ Kd8 18. Bf4 e5 19. O-O-O exf4 20. Nb5+
Bd6 21. Rxd6+ cxd6 22. Qxd6+ Ke8 23. Nc7# 1-0

[Event "Challenge"]
[Site "http://www.queenalice.com/game.php?id=936570"]
[Date "2011.5.10"]
[Round "-"]
[White "montelo"]
[Black "Odyssos"]
[Result "0-1"]
[WhiteElo "2148"]
[BlackElo "2143"]

1. e4 b6 2. g3 Bb7 3. Bg2 c5 4. d3 g6 5. Nf3 Bg7 6. O-O d6 7. c3 Nf6 8. Qb3 O-O
9. Bg5 Nbd7 10. Bh3 Qc7 11. Bxd7 Qxd7 12. Bxf6 exf6 13. Na3 d5 14. Rfe1 Rfe8 15.
Nd2 dxe4 16. Nxe4 f5 17. Ng5 h6 18. Nh3 Qc6 19. Rxe8+ Rxe8 20. Kf1 Qg2# 0-1

[Event "Challenge"]
[Site "http://www.queenalice.com/game.php?id=947706"]
[Date "2011.6.9"]
[Round "-"]
[White "Odyssos"]
[Black "bruno_borges"]
[Result "1-0"]
[WhiteElo "2238"]
[BlackElo "2131"]

1. g3 e5 2. c4 Nf6 3. Bg2 Bc5 4. Nc3 O-O 5. e3 c6 6. Nge2 d5 7. cxd5 Nxd5 8. d4
exd4 9. exd4 Bb4 10. O-O Nf6 11. Qb3 Be7 12. Be3 Nbd7 13. Rad1 Nb6 14. Nf4 Bg4
15. Rd2 Qd7 16. d5 cxd5 17. Ncxd5 Nfxd5 18. Nxd5 Be6 19. Nxb6 Qxd2 20. Bxd2 1-0

[Event "Challenge"]
[Site "http://www.queenalice.com/game.php?id=947707"]
[Date "2011.6.9"]
[Round "-"]
[White "bruno_borges"]
[Black "Odyssos"]
[Result "0-1"]
[WhiteElo "2173"]
[BlackElo "2255"]

1. e4 c5 2. Nf3 a6 3. d4 cxd4 4. Nxd4 d6 5. Nc3 e6 6. Be2 Nf6 7. O-O Be7 8. Qd3
b5 9. a3 Bb7 10. Kh1 Nbd7 11. f4 Nc5 12. Qe3 Ncxe4 13. Nxe4 Bxe4 14. Bf3 d5 15.
Bxe4 Nxe4 16. Bd2 Qb6 17. c3 Bf6 18. Nf3 Rb8 19. Qxb6 Rxb6 20. Be3 Rb7 21. Rad1
h5 22. Bd4 Ke7 23. Bxf6+ Nxf6 24. Nd4 g6 25. Rfe1 Ne4 26. Re2 Kf6 27. Nc6 Rc7
28. Nd4 Nd6 29. Rde1 Re8 30. Kg1 Nf5 31. Nc2 Rc4 32. Nb4 Ra8 33. Nd3 Kg7 34. g3
d4 35. Ne5 Rc5 0-1

[Event "AUTO-ELITE-793"]
[Site "http://www.queenalice.com/game.php?id=957795"]
[Date "2011.7.7"]
[Round "1"]
[White "Odyssos"]
[Black "Datalcar"]
[Result "0-1"]
[WhiteElo "2273"]
[BlackElo "2483"]

1. c4 e5 2. g3 Nf6 3. Bg2 d5 4. cxd5 Nxd5 5. Nc3 Nb6 6. Nf3 Nc6 7. O-O Be7 8. a3
O-O 9. b4 Be6 10. Rb1 f6 11. d3 a5 12. b5 Nd4 13. Nd2 Qc8 14. e3 Nf5 15. a4 Rd8
16. Qc2 Nh6 17. Nf3 Nf7 18. d4 Bb4 19. Na2 e4 20. Nd2 Bxd2 21. Bxd2 Ng5 22. Nc3
Nf3+ 23. Kh1 Bf5 24. Rbd1 Qe6 25. Ne2 Nd5 26. Ng1 h5 27. Rc1 h4 28. h3 Rd7 29.
g4 Bh7 30. Qd1 Nxd2 31. Qxd2 f5 32. f3 fxg4 33. fxg4 Qh6 34. Rce1 Kh8 35. Rf2
Qd6 36. Ref1 Qa3 37. Rf7 Rxf7 38. Rxf7 Nxe3 39. Rxc7 Nxg2 40. Qg5 Rg8 41. Qe5
Qa2 42. Qh2 e3 43. Re7 Qa3 44. Qe5 Nf4 45. Qxe3 Qd6 46. Nf3 Nd5 47. Ng5 Qf6 0-1

[Event "AUTO-ELITE-793"]
[Site "http://www.queenalice.com/game.php?id=957800"]
[Date "2011.7.7"]
[Round "1"]
[White "Alsina"]
[Black "Odyssos"]
[Result "1-0"]
[WhiteElo "2450"]
[BlackElo "2285"]

1. e4 Nf6 2. e5 Nd5 3. d4 d6 4. Nf3 dxe5 5. Nxe5 c6 6. c4 Nb4 7. Be3 Bf5 8. Na3
Nd7 9. Qb3 e6 10. Be2 Nxe5 11. dxe5 Qa5 12. O-O Qxe5 13. c5 a5 14. Nc4 Qc7 15.
Bd4 f6 16. Ne3 Nd5 17. Nxf5 exf5 18. Rad1 Be7 19. Bc4 O-O-O 20. Qf3 Rd7 21. Qxf5
Kb8 22. Rde1 Rhd8 23. Qxh7 g5 24. Qe4 Nf4 25. Bc3 Bxc5 26. Qf5 Nd5 27. Bxf6 Nxf6
28. Qxc5 Rd4 29. f3 Rh4 30. f4 gxf4 31. Qg5 Rdh8 32. Qxf6 f3 33. Re8+ Ka7 34.
Rxh8 Qxh2+ 35. Kf2 fxg2 36. Qd4+ Rxd4 37. Rxh2 Rd2+ 38. Kg3 gxf1=N+ 39. Bxf1 Rd1
40. Be2 Ra1 41. a3 b5 42. Kf4 a4 43. Bf3 Kb6 44. Ke5 b4 45. axb4 Ra2 46. Rg2 Kb5
47. Kd6 a3 48. Bxc6+ Kxb4 49. Rg4+ Ka5 50. Kc5 axb2 51. Rg8 1-0